|
|
|
|
| LEADER |
00000naa2a2200000 4500 |
| 001 |
619866 |
| 005 |
20231101133101.0 |
| 035 |
|
|
|a (RuTPU)RU\TPU\conf\18317
|
| 035 |
|
|
|a RU\TPU\conf\18307
|
| 090 |
|
|
|a 619866
|
| 100 |
|
|
|a 20160909d2016 k y0rusy50 ca
|
| 101 |
0 |
|
|a rus
|
| 102 |
|
|
|a RU
|
| 105 |
|
|
|a y z 100zy
|
| 135 |
|
|
|a drgn ---uucaa
|
| 181 |
|
0 |
|a i
|
| 182 |
|
0 |
|a b
|
| 200 |
1 |
|
|a Уран в питьевой воде и крови человека в зоне влияния Семипалатинского ядерного полигона
|f М. Т. Джамбаев, Ш. Б. Жакупова, Ю. Ю. Брайт
|g науч. рук. Н. В. Барановская
|
| 203 |
|
|
|a Текст
|c электронный
|
| 225 |
1 |
|
|a Геоэкология, охрана и защита окружающей среды. Геоинформационные системы в геоэкологии
|
| 230 |
|
|
|a 1 компьютерный файл (pdf; 378 Kb)
|
| 300 |
|
|
|a Заглавие с экрана
|
| 320 |
|
|
|a [Библиогр.: с. 124 (5 назв.)]
|
| 461 |
|
1 |
|0 (RuTPU)RU\TPU\conf\17456
|t Проблемы геологии и освоения недр
|o труды XX Международного симпозиума имени академика М. А. Усова студентов и молодых ученых, посвященного 120-летию со дня основания Томского политехнического университета, Томск, 4-8 апреля 2016 г.
|o в 2 т.
|f Национальный исследовательский Томский политехнический университет (ТПУ), Институт природных ресурсов (ИПР) ; Общество инженеров-нефтяников, международная некоммерческая организация, Студенческий чаптер ; под ред. А. Ю. Дмитриева
|d 2016
|
| 463 |
|
1 |
|0 (RuTPU)RU\TPU\conf\17458
|t Т. 2
|v [С. 122-124]
|d 2016
|
| 610 |
1 |
|
|a труды учёных ТПУ
|
| 610 |
1 |
|
|a электронный ресурс
|
| 610 |
1 |
|
|a уран
|
| 610 |
1 |
|
|a питьевые воды
|
| 610 |
1 |
|
|a кровь
|
| 610 |
1 |
|
|a Семипалатинский полигон
|
| 610 |
1 |
|
|a ядерный техногенез
|
| 700 |
|
1 |
|a Джамбаев
|b М. Т.
|
| 701 |
|
1 |
|a Жакупова
|b Ш. Б.
|
| 701 |
|
1 |
|a Брайт
|b Ю. Ю.
|
| 702 |
|
1 |
|a Барановская
|b Н. В.
|c геохимик
|c профессор Томского политехнического университета, доктор биологических наук
|f 1970-
|g Наталья Владимировна
|2 stltpush
|4 727
|
| 712 |
0 |
2 |
|a Национальный исследовательский Томский политехнический университет (ТПУ)
|b Институт природных ресурсов (ИПР)
|b Кафедра геоэкологии и геохимии (ГЭГХ)
|h 259
|2 stltpush
|3 (RuTPU)RU\TPU\col\18658
|
| 801 |
|
2 |
|a RU
|b 63413507
|c 20160929
|g RCR
|
| 856 |
4 |
|
|u http://earchive.tpu.ru/handle/11683/31846
|
| 942 |
|
|
|c BK
|